Statistics for Guess city by license plates (Euro edition)

Click here to take the quiz!

General Stats

  • This quiz has been taken 20 times
  • The average score is 4 of 10

Answer Stats

QuestionAnswer% Correct
50, 90, 150, 750Moscow
74%
77,78, 92, 95Paris
68%
LT, RI, SCV, VTRome
53%
KMY, KPR, KRA, KWIKraków
47%
01, 74, NE, VDGeneva
42%
MD, P, PL, TUVienna
42%
CL, DB, IF, GRBucharest
37%
PI, RZ, SE, WLHamburg
32%
AI, AM, CA, CBKiev
21%
KE, LH, M, WWDublin
16%

Score Distribution

Percentile by Number Answered

Percent of People with Each Score

Your Score History

You have not taken this quiz